Encyclopédie francaise. T.20 Histoire, évolution prospective,Le monde en devenir
Kaydedildi:
| Yazar: | |
|---|---|
| Materyal Türü: | Kitap |
| Dil: | Undetermined |
| Baskı/Yayın Bilgisi: |
Paris
Société de Gestion de l'Encyclopédie francaise
1937
|
| Konular: | |
| Etiketler: |
Etiketle
Etiket eklenmemiş, İlk siz ekleyin!
|
| Thư viện lưu trữ: | Trung tâm Học liệu Trường Đại học Cần Thơ |
|---|
| LEADER | 00580nam a2200181Ia 4500 | ||
|---|---|---|---|
| 001 | CTU_25640 | ||
| 008 | 210402s9999 xx 000 0 und d | ||
| 082 | |a 034 | ||
| 082 | |b E56/T20 | ||
| 100 | |a Encyclopédie francaise. T.20 | ||
| 245 | 0 | |a Encyclopédie francaise. T.20 | |
| 245 | 0 | |b Histoire, évolution prospective,Le monde en devenir | |
| 260 | |a Paris | ||
| 260 | |b Société de Gestion de l'Encyclopédie francaise | ||
| 260 | |c 1937 | ||
| 650 | |a encyclopedias and dictionaries | ||
| 904 | |i Minh, 980929 | ||
| 980 | |a Trung tâm Học liệu Trường Đại học Cần Thơ | ||